| 000 | 00433nam a22001457a 4500 | ||
|---|---|---|---|
| 008 | 230608b |||||||| |||| 00| 0 eng d | ||
| 040 |
_aNational Science Library _cNational Science Library |
||
| 080 |
_a624.04:519(082.2) _bM0 |
||
| 245 | _aAdvanced structural dynamics | ||
| 260 |
_aLondon: _bApplied Science Publishers Ltd, _c1980 |
||
| 300 | _axviii, 471p. | ||
| 650 | _aScience | ||
| 700 | _aDonea, J (Ed.) | ||
| 942 |
_2udc _cBK |
||
| 999 |
_c41221 _d41221 |
||